000 00605nam a2200229Ia 4500
003 OSt
005 20220928103237.0
006 a|||||r|||| 00| 0
007 ta
008 220927b |||||||| |||| 00| 0 eng d
024 _a62549
037 _cTextual
040 _aSDCL
_cSDCL
_beng
041 _2eng
_aeng
082 _aND273,D9(Q);5, M3
100 _aSinha Kamini
_9403073
245 0 _aEarly bronez of Bihar
260 _aNew Delhi
_bRamanand Vidya Bhawan
_c1983
300 _a206p
_ccm.
942 _hND273,D9(Q);5, M3
_cTEXL
_2CC
999 _c718869
_d718869